000 00772nas a2200241 4500
001 BR7903041
003 BR-BrBNA
005 20231205083724.0
007 ta
008 230509b bl.|||p| |||| 00| 00por d
040 _aBR-BrBNA
_bpor
_cBiblioteca Nacional de Agricultura
041 _a(Pt)
072 _aF10; F40
100 1 _aAntunes, F.Z.
245 1 _aAptidao climatica de Minas Gerais para a cafeicultura [Coffea arabica; Brasil]
650 _aMeteorologia
650 _aEcologia vegetal
650 _aCafe
650 _aMinas Gerais
773 0 _tInforme Agropecuario - Empresa de Pesquisa Agropecuaria de Minas Gerais (Brazil)
_xISSN 0100-3364
_g(Aug 1978), v. 4(44) p. 6-8
_wBR7903041
909 _a202311
_bLúcia
_c55
_dLúcia Elande
942 _2AGRIS
_n0
_cANA
999 _c100773
_d100773